00459 2200181 4500001002100000005001500021035002000036245004300056100001600099250000600115300003100121260004800152082001200200084001800212020001800230650001200248990001700260INLIS00000000000122020190524120341 a0010-05190001111 aMengenal Bahaya Narkoba /cEdi Warsidi0 aEdi Warsidi a- a64 hlm. :bilus. ;c25 cm. aJakarta :bPT Grafindo Media Pratama,c2006 a362.293 a362.293 EDI m a979-758-269-8 aNarkoba a04385/H/2018